| 000 | 00747nam a2200217Ia 4500 | ||
|---|---|---|---|
| 003 | GCL | ||
| 008 | 140319s9999 xx 000 0 ara d | ||
| 040 |
_aGCL / _cGCL |
||
| 082 | 0 | 4 |
_aد _b050 |
| 245 | 1 | 0 | _aالسياسة الدولية |
| 250 | _aالاولى | ||
| 260 |
_aالقاهرة : _bمؤسسة الاهرام |
||
| 650 | 0 | 4 | _aالاسلام والعلاقات الخارجية |
| 650 | 0 | 4 | _aالقضية الفلسطينية |
| 650 | 0 | 4 | _aالاسلام والسياسة |
| 650 | 0 | 4 | _aالعالم العربى - تاريخ |
| 650 | 0 | 4 | _aالاتحاد الاوروبى |
| 650 | 0 | 4 | _aالنزاع العربى الاسرائيلى - فلسطين |
| 650 | 0 | 4 | _aاسبانيا - العلاقات الخارجية |
| 942 |
_2ddc _cCR |
||
| 999 |
_c7109 _d7109 |
||